000 00622nam a22001577a 4500
003 OSt
005 20150912153301.0
008 150912b xxu||||| |||| 00| 0 eng d
040 _cRUA
082 _aAGR សែម 1996 BOO17 Or.1
100 _9344
_aសែម សុខុម
245 _aសត្វល្អិតបំផ្លាញផលិតផលសណ្តែកស្តុប ក្នុងឃ្លាំងនានានៅរាជធានីភ្នំពេញ និងវិធានការកំចាត់
260 _aphnom phen
_bRUA
_c1996
300 _a102p.
_bill.
_c29cm.
942 _2ddc
_cAGR
999 _c323
_d323